|
|
|
|
| LEADER |
01033nam a22002657a 4500 |
| 001 |
6111 |
| 003 |
BD-DhAAL |
| 005 |
20190214113955.0 |
| 008 |
190214t1997 xxua|||| b||| 00| 0 eng d |
| 999 |
|
|
|c 40439
|d 40439
|
| 040 |
|
|
|a BD-DhAAL
|
| 041 |
|
|
|a ENG
|
| 082 |
|
|
|a 616.246
|2 22
|
| 100 |
|
|
|a Sarker, Abdus Salam
|9 30002
|
| 245 |
|
|
|a Strengthening the performance of community based tuberculosis control program of BRAC in Bangladesh /
|c Abdus Salam Sarker
|
| 260 |
|
|
|a USA :
|b Department of Health Policy & Administration,
|c 1997
|
| 300 |
|
|
|a xxi, 144 pages :
|b illustrations ;
|c 30 cm
|
| 504 |
|
|
|6 Includes bibliographical references (pages [143]-144).
|
| 541 |
|
|
|a BRAC
|e 6111
|
| 650 |
|
|
|a Tuberculosis
|9 29557
|
| 650 |
|
|
|a Tuberculosis
|x prevention & control
|9 29558
|
| 650 |
|
|
|a Tuberculosis
|z Bangladesh
|9 29559
|
| 852 |
|
|
|a Ayesha Abed Library
|c General Stacks
|
| 942 |
|
|
|2 ddc
|c BK
|
| 952 |
|
|
|0 0
|1 0
|2 ddc
|4 0
|6 616_246000000000000_SAR
|7 0
|9 65051
|a BRACUL
|b BRACUL
|c GEN
|d 2019-02-14
|l 0
|o 616.246 SAR
|p 3010006111
|r 2019-02-14
|t 1
|w 2019-02-14
|y BK
|